Statistiken für Kennen Sie diese Regionen? # 2

Klicken Sie hier um das Quiz zu spielen!

Allgemein

  • Dieses Quiz wurde 105 mal gespielt
  • Das Durchschnittsergebnis liegt bei 67 aus 80

Antwortstatistiken

FrageKachelSelect% Korrekt
Länder, die zu Benelux gehören?AngolaNein
100%
Länder, die zu Benelux gehören?BotswanaNein
100%
Länder, die zu Benelux gehören?Costa RicaNein
100%
Länder, die zu Benelux gehören?DeutschlandNein
100%
Länder, die zu Benelux gehören?KambodschaNein
100%
Länder, die zu Benelux gehören?KanadaNein
100%
Länder, die zu Benelux gehören?LaosNein
100%
Länder, die zu Benelux gehören?MexikoNein
100%
Länder, die zu Benelux gehören?NamibiaNein
100%
Länder, die einen Teil Lapplands haben?ÖsterreichNein
100%
Länder, die zu Benelux gehören?PanamaNein
100%
Länder, die einen Teil Lapplands haben?PolenNein
100%
Länder, die einen Teil Lapplands haben?UngarnNein
100%
Länder, die zu Benelux gehören?Vereinigte StaatenNein
100%
Länder, die zu Benelux gehören?VietnamNein
100%
Länder, die einen Teil Lapplands haben?DeutschlandNein
99%
Amerikanische Staaten am Pazifik?GeorgienNein
99%
Länder, die einen Teil Lapplands haben?IslandNein
99%
Länder, die zu Benelux gehören?LuxemburgJa
99%
Länder, die einen Teil von Amazonien haben?MexikoNein
99%
Länder, die einen Teil Lapplands haben?SchweizNein
99%
Länder, die einen Teil Lapplands haben?UkraineNein
99%
Länder, die zu Benelux gehören?BelgienJa
98%
Länder, die einen Teil von Amazonien haben?KubaNein
98%
Länder, die einen Teil von Amazonien haben?PanamaNein
98%
Länder, die einen Teil Lapplands haben?WeißrusslandNein
98%
Länder, die einen Teil Lapplands haben?DänemarkNein
97%
Amerikanische Staaten am Pazifik?MississippiNein
97%
Amerikanische Staaten am Pazifik?New HampshireNein
97%
Amerikanische Staaten am Pazifik?New JerseyNein
97%
Amerikanische Staaten am Pazifik?AlabamaNein
96%
Länder, die zu Benelux gehören?NiederlandeJa
96%
Länder, die Teil der Levante sind?RumänienNein
96%
Amerikanische Staaten am Pazifik?TexasNein
96%
Länder, die zu Benelux gehören?FrankreichNein
94%
Amerikanische Staaten am Pazifik?MaineNein
94%
Amerikanische Staaten am Pazifik?MassachusettsNein
94%
Länder, die einen Teil Lapplands haben?LitauenNein
93%
Länder, die Teil der Levante sind?BulgarienNein
92%
Länder, die einen Teil Lapplands haben?FinnlandJa
92%
Amerikanische Staaten am Pazifik?FloridaNein
92%
Länder, die Teil der Levante sind?MaltaNein
92%
Amerikanische Staaten am Pazifik?New YorkNein
92%
Amerikanische Staaten am Pazifik?South CarolinaNein
92%
Länder, die Teil der Levante sind?AlgerienNein
90%
Länder, die einen Teil Lapplands haben?LettlandNein
90%
Länder, die einen Teil von Amazonien haben?BrasilienJa
89%
Länder, die einen Teil von Amazonien haben?ChileNein
88%
Länder, die Teil der Levante sind?MarokkoNein
87%
Amerikanische Staaten am Pazifik?KalifornienJa
86%
Länder, die Teil der Levante sind?TunesienNein
86%
Länder, die einen Teil Lapplands haben?EstlandNein
84%
Länder, die Teil der Levante sind?GriechenlandNein
83%
Amerikanische Staaten am Pazifik?WashingtonJa
79%
Länder, die einen Teil Lapplands haben?SchwedenJa
77%
Länder, die einen Teil von Amazonien haben?UruguayNein
77%
Amerikanische Staaten am Pazifik?OregonJa
76%
Länder, die einen Teil von Amazonien haben?ArgentinienNein
74%
Länder, die einen Teil Lapplands haben?NorwegenJa
73%
Länder, die einen Teil von Amazonien haben?VenezuelaJa
71%
Amerikanische Staaten am Pazifik?AlaskaJa
70%
Länder, die einen Teil von Amazonien haben?GuyanaJa
68%
Länder, die einen Teil von Amazonien haben?KolumbienJa
68%
Länder, die einen Teil von Amazonien haben?SurinameJa
68%
Amerikanische Staaten am Pazifik?HawaiiJa
67%
Länder, die Teil der Levante sind?LibanonJa
67%
Länder, die einen Teil von Amazonien haben?BolivienJa
62%
Länder, die einen Teil Lapplands haben?RusslandJa
62%
Länder, die Teil der Levante sind?IsraelJa
61%
Länder, die Teil der Levante sind?JordanienJa
56%
Länder, die einen Teil von Amazonien haben?ParaguayNein
56%
Länder, die Teil der Levante sind?SyrienJa
56%
Länder, die einen Teil von Amazonien haben?EcuadorJa
51%
Länder, die Teil der Levante sind?PalästinaJa
51%
Länder, die einen Teil von Amazonien haben?PeruJa
46%
Länder, die Teil der Levante sind?TürkeiJa
34%
Länder, die Teil der Levante sind?ÄgyptenJa
32%
Länder, die einen Teil von Amazonien haben?FrankreichJa
32%
Länder, die Teil der Levante sind?ZypernJa
32%
Länder, die Teil der Levante sind?IrakJa
22%

Verteilung der Resultate

Perzentil nach korrekt beantworteten Fragen

Anzahl Personen mit jedem Resultat

Ihre Resultats-Entwicklung

Sie haben dieses Quiz noch nicht gespielt